[Event "IX Êóáîê Ãóáåðíàòîðà ÕÌÀÎ-Þãðû òóðíèð À"]
[Site "Õàíòû-Ìàíñèéñê, Russia"]
[Date "2013.12.03"]
[Round "6"]
[White "Þäèí Ñåðãåé"]
[Black "Ñàäóàêàñîâà Äèíàðà"]
[Result "1-0"]
[WhiteElo "2548"]
[BlackElo "2357"]
[Annotator ""]
[Source ""]
[Remark ""]

1.b3 e5 2.Bb2 Nc6 3.e3 Nf6 4.Bb5 Bd6 5.Na3 Na5 6.Nf3 Qe7 7.Qc1
a6 8.Be2 e4 9.Nd4 g6 10.c4 c5 11.Qc3 cxd4 12.Qxa5 Bb4 13.Qa4
d3 14.Nb5 O-O 15.a3 Bxd2+ 16.Kxd2 dxe2 17.Qb4 d6 18.Nc3 a5 19.Qb6
Ra6 20.Qd4 Qe5 21.Nb5 Qxd4+ 22.Bxd4 d5 23.c5 Rc6 24.Rhc1 Ng4
25.Kxe2 f6 26.Na7 Rc7 27.Nb5 Rc6 28.Nc3 Be6 29.f3 Ne5 30.b4 exf3+
31.gxf3 Nc4 32.Kf2 Rcc8 33.Ne2 g5 34.Bc3 Ne5 35.Rd1 Kf7 36.Nd4
Bd7 37.Nb3 Ba4 38.Nxa5 Bxd1 39.Rxd1 b6 40.Nb7 Ke6 41.Bxe5 fxe5
42.cxb6 Rb8 43.Nc5+ Kd6 44.b7 g4 45.f4 exf4 46.e4 Rg8 47.Rxd5+
Kc6 48.a4 g3+ 49.hxg3 fxg3+ 50.Kg2 Rbe8 51.b5+ Kb6 52.Nd7+ Ka5
53.Nf6 Kxa4 54.b6 Rgf8 55.Nxe8 Rxe8 56.e5 Rb8 57.e6 Rxb7 58.Re5 1-0

[Event "IX Êóáîê Ãóáåðíàòîðà ÕÌÀÎ-Þãðû òóðíèð À"]
[Site "Õàíòû-Ìàíñèéñê, Russia"]
[Date "2013.12.03"]
[Round "6"]
[White "Áåçãîäîâ Àëåêñåé"]
[Black "Øàðàôèåâ Àçàò"]
[Result "1-0"]
[WhiteElo "2482"]
[BlackElo "2403"]
[Annotator ""]
[Source ""]
[Remark ""]

1.d4 Nf6 2.Nf3 g6 3.g3 Bg7 4.Bg2 O-O 5.O-O c5 6.d5 b5 7.a4 b4
8.a5 d6 9.Re1 Ne4 10.Ra2 Na6 11.Ng5 Nxg5 12.Bxg5 Nc7 13.Nd2 h6
14.Bf4 Rb8 15.e4 e5 16.Be3 f5 17.f3 h5 18.Bf1 f4 19.gxf4 exf4
20.Bf2 Kh8 21.Kh1 Re8 22.Bd3 g5 23.Rg1 Qf6 24.Nc4 Ba6 25.b3 Nb5
26.Qf1 Nd4 27.Bxd4 cxd4 28.Qh3 Qh6 29.Nxd6 Qxd6 30.Qxh5+ Kg8
31.Rxg5 Re5 32.Rxg7+ Kxg7 33.Qg4+ Kh7 34.Qh4+ Kg7 35.Ra1 1-0

[Event "IX Êóáîê Ãóáåðíàòîðà ÕÌÀÎ-Þãðû òóðíèð À"]
[Site "Õàíòû-Ìàíñèéñê, Russia"]
[Date "2013.12.03"]
[Round "6"]
[White "Ãîðäèåâñêèé Äìèòðèé"]
[Black "Èñêóñíûõ Ñåðãåé"]
[Result "0-1"]
[WhiteElo "2448"]
[BlackElo "2471"]
[Annotator ""]
[Source ""]
[Remark ""]

1.d4 d5 2.Bg5 h6 3.Bh4 c5 4.dxc5 g5 5.Bg3 Bg7 6.c3 Nc6 7.e3 e5
8.h4 g4 9.Nd2 Nge7 10.e4 O-O 11.h5 Be6 12.exd5 Qxd5 13.b4 Nf5
14.Qb3 Qxd2+ 15.Kxd2 Rfd8+ 16.Ke1 Bxb3 17.axb3 e4 18.Rc1 a5 19.b5
a4 20.bxc6 axb3 21.c7 b2 22.cxd8Q+ Rxd8 23.Bf4 e3 24.Bxe3 Nxe3
25.Rb1 Rd1+ 26.Rxd1 Bxc3+ 0-1

[Event "IX Êóáîê Ãóáåðíàòîðà ÕÌÀÎ-Þãðû òóðíèð À"]
[Site "Õàíòû-Ìàíñèéñê, Russia"]
[Date "2013.12.03"]
[Round "6"]
[White "Ìàòèíÿí Íèêèòà"]
[Black "Êàíòåð Ýäóàðä"]
[Result "1-0"]
[WhiteElo "2481"]
[BlackElo "2407"]
[Annotator ""]
[Source ""]
[Remark ""]

1.e4 c5 2.Nf3 d6 3.d4 cxd4 4.Nxd4 Nf6 5.Nc3 g6 6.Be3 Bg7 7.f3
O-O 8.Qd2 Nc6 9.Bc4 Bd7 10.Bb3 Rc8 11.O-O-O Ne5 12.Kb1 Re8 13.h4
h5 14.g4 hxg4 15.h5 Nxh5 16.Rdg1 Qa5 17.Bh6 Bf6 18.f4 Nc4 19.Bxc4
Rxc4 20.e5 Rxc3 21.bxc3 dxe5 22.Nb3 Qc7 23.fxe5 Bxe5 24.Rxh5
Bxc3 25.Qh2 Qxh2 26.Rxh2 f5 27.Bg5 Bc6 28.Re2 Kf7 29.Re3 Bf6
30.Bxf6 Kxf6 31.Nd4 Bd5 32.Nb5 Be4 33.Rxe4 fxe4 34.Rxg4 Kf5 35.Rg1
g5 36.Kc1 Rd8 37.Nc3 Rd4 38.Rf1+ Ke5 39.Nd1 Ra4 40.Ne3 Rxa2 41.Rf5+
Ke6 42.Rxg5 a6 43.Rg6+ Kd7 44.Rb6 Kc8 45.Rb4 Ra5 46.Rxe4 Kd7
47.Kb2 Rc5 48.Kb3 Kd6 49.Nc4+ Kd7 50.Kb4 Rh5 51.Rg4 Rb5+ 52.Kc3
Ke6 53.Rg6+ Kd7 54.Kd4 Rh5 55.Nb6+ Kc7 56.Nd5+ Kd7 57.Rb6 Kc8
58.Nxe7+ Kc7 59.Rf6 Rh4+ 60.Kc5 b6+ 61.Kd5 Rh2 62.c3 Rh3 63.c4
a5 64.Nf5 Kb7 65.Nd6+ Ka6 66.Rf8 Rh5+ 67.Kd4 Rh4+ 68.Kc3 Rh3+
69.Kb2 Ka7 70.Rf7+ Ka8 71.Nc8 Rh6 72.Kb3 Rc6 73.Na7 Rc5 74.Nb5
Kb8 75.Nd6 Rc6 76.Rd7 Ka8 77.Ka4 Rc5 78.Rd8+ Ka7 79.Rc8 Rh5 80.Rc7+
Ka8 81.Rb7 1-0

[Event "IX Êóáîê Ãóáåðíàòîðà ÕÌÀÎ-Þãðû òóðíèð À"]
[Site "Õàíòû-Ìàíñèéñê, Russia"]
[Date "2013.12.03"]
[Round "6"]
[White "Îïàðèí Ãðèãîðèé"]
[Black "Áåëÿêîâ Áîãäàí"]
[Result "1/2-1/2"]
[WhiteElo "2520"]
[BlackElo "2454"]
[Annotator ""]
[Source ""]
[Remark ""]

1.e4 e5 2.Nf3 Nc6 3.Bb5 Nf6 4.d3 Bc5 5.O-O d6 6.c3 O-O 7.Nbd2
a6 8.Bxc6 bxc6 9.d4 exd4 10.cxd4 Bb6 11.Re1 Re8 12.Qc2 Bd7 13.b3
h6 14.Bb2 Nh7 15.Re3 Re6 16.Nf1 Ng5 17.Ng3 Nxf3+ 18.Rxf3 Rg6
19.Nf5 a5 20.Re1 Qf8 21.Bc3 Re8 22.Qd2 d5 23.e5 Bxf5 24.Rxf5
Qa3 25.Bb2 Qb4 26.Bc3 Qa3 27.Bb2 Qb4 28.Bc3 1/2-1/2

[Event "IX Êóáîê Ãóáåðíàòîðà ÕÌÀÎ-Þãðû òóðíèð À"]
[Site "Õàíòû-Ìàíñèéñê, Russia"]
[Date "2013.12.03"]
[Round "6"]
[White "Ñìèðíîâ Àëåêñåé"]
[Black "Àðñëàíîâ Øàìèëü"]
[Result "1/2-1/2"]
[WhiteElo "2429"]
[BlackElo "2411"]
[Annotator ""]
[Source ""]
[Remark ""]

1.d4 d5 2.c4 c6 3.Nf3 Nf6 4.Nc3 e6 5.g3 dxc4 6.Bg2 b5 7.O-O Be7
8.Ne5 Nd5 9.e4 Nxc3 10.bxc3 O-O 11.a4 Bb7 12.Rb1 Nd7 13.Nxc4
Ba6 14.Ne3 b4 15.Re1 bxc3 16.e5 Rc8 17.Qc2 c5 18.Qxc3 Nb6 19.dxc5
Nxa4 20.Qa1 Qa5 21.Bd2 Qxd2 22.Qxa4 Be2 23.c6 Bc5 24.Rbc1 Rfd8
25.c7 Rxc7 26.Rcd1 Bxd1 27.Rxd1 Bxe3 28.Rxd2 Bxd2 29.Be4 g6 30.h4
h5 31.g4 hxg4 32.Kg2 Bc3 33.Qb5 Bd4 34.Qe2 Rc5 35.Qxg4 Rxe5 36.h5
Kg7 37.hxg6 f6 38.Qh3 Rh8 39.Qd3 Rd8 40.f4 Rc5 41.Qh3 Rh8 42.Qxe6
Rc7 43.Kg3 Bb6 44.Kg4 Bc5 45.Bc6 Rd8 46.Qe4 Rd6 47.Be8 Rd1 48.Bf7
Rg1+ 49.Kf5 Bf8 50.Qd3 Rc5+ 51.Ke4 Rgc1 52.f5 Rh1 53.Qd7 Re5+
54.Kf4 Re7 55.Qd3 Rh4+ 56.Kg3 Rb4 57.Ba2 Rc7 58.Kf3 Rb2 59.Bb3
Bb4 60.Ke4 Rc3 61.Qd7+ Kh6 62.Qh7+ Kg5 63.g7 Re2+ 64.Kd4 Rd2+
65.Ke4 Re2+ 1/2-1/2

[Event "IX Êóáîê Ãóáåðíàòîðà ÕÌÀÎ-Þãðû òóðíèð À"]
[Site "Õàíòû-Ìàíñèéñê, Russia"]
[Date "2013.12.03"]
[Round "6"]
[White "Þôôà Äàíèèë"]
[Black "Ïàñèåâ Ðàõèì"]
[Result "1-0"]
[WhiteElo "2368"]
[BlackElo "2405"]
[Annotator ""]
[Source ""]
[Remark ""]

1.d4 e6 2.c4 f5 3.Nf3 Nf6 4.g3 d5 5.Bg2 c6 6.O-O Bd6 7.Nc3 O-O
8.Qc2 Bd7 9.Rb1 Be8 10.b4 f4 11.Qb3 Bg6 12.Rb2 fxg3 13.hxg3 Nbd7
14.Ng5 Qe7 15.Bh3 Bf7 16.e4 e5 17.Nxf7 Rxf7 18.c5 Bb8 19.exd5
cxd5 20.Nxd5 Nxd5 21.Qxd5 Nf6 22.Qb3 Kh8 23.d5 Rf8 24.d6 Qd8
25.Bg2 Qc8 26.Bg5 a5 27.a3 1-0

[Event "IX Êóáîê Ãóáåðíàòîðà ÕÌÀÎ-Þãðû òóðíèð À"]
[Site "Õàíòû-Ìàíñèéñê, Russia"]
[Date "2013.12.03"]
[Round "6"]
[White "Ñàâèöêèé Ñåðãåé"]
[Black "Ñàðàíà Àëåêñåé"]
[Result "1/2-1/2"]
[WhiteElo "2363"]
[BlackElo "2261"]
[Annotator ""]
[Source ""]
[Remark ""]

1.e4 c5 2.Nf3 d6 3.d4 cxd4 4.Qxd4 Nf6 5.c4 g6 6.Nc3 Bg7 7.h3
O-O 8.Be2 Nfd7 9.Qe3 Nc6 10.O-O Nc5 11.Rb1 a5 12.b3 Bxc3 13.Qxc3
Nxe4 14.Qe3 Nc5 15.Bb2 f6 16.Rbd1 Qe8 17.Nd4 Nxd4 18.Bxd4 Ne6
19.Bb6 Ng7 20.Bf3 Nf5 21.Qc3 Bd7 22.Bxb7 Rb8 23.Qf3 Nh4 24.Qe4
Bf5 25.Bd5+ e6 26.Qxh4 Rxb6 27.Bf3 e5 28.Rd2 a4 29.Rfd1 axb3
30.axb3 e4 31.Bg4 e3 32.Re2 Bxg4 33.Qxg4 Rxb3 34.Rde1 Qc8 35.Qf4
exf2+ 36.Rxf2 Rb7 37.Rd1 Rc7 38.Rc2 Qe6 39.Rxd6 Qe1+ 40.Kh2 Qe5
41.Qxe5 fxe5 42.c5 Kf7 43.Rf2+ Ke7 44.Rxf8 Kxf8 45.Rd5 Ke7 46.Rxe5+
Kf6 47.Rd5 Ke6 48.Rg5 Rd7 49.Rg3 Rd4 50.Rc3 Kd7 51.c6+ Kc7 52.Kg3
g5 53.Kf3 Rf4+ 54.Ke3 Rh4 55.Kf2 Rd4 56.Kg3 Re4 57.Rc5 h6 58.Rc3
Rd4 59.Kf3 Rf4+ 60.Ke2 Ra4 61.Ke3 Rh4 62.Rc2 Ra4 63.Rc1 Rb4 64.Rc3
Rh4 65.Ke2 Ra4 66.g3 Rb4 67.Ke3 Ra4 68.Kf3 Rb4 69.g4 Rf4+ 70.Kg3
Rf6 71.Rf3 Rxc6 72.h4 Kd7 73.hxg5 hxg5 74.Rf5 Ke7 75.Rxg5 Kf6
76.Rd5 Kg6 77.Kh4 Ra6 78.Rg5+ Kh6 79.Rg8 Ra1 80.g5+ 1/2-1/2

[Event "IX Êóáîê Ãóáåðíàòîðà ÕÌÀÎ-Þãðû òóðíèð À"]
[Site "Õàíòû-Ìàíñèéñê, Russia"]
[Date "2013.12.04"]
[Round "7"]
[White "Øèìàíîâ Àëåêñàíäð"]
[Black "Ôåäîñååâ Âëàäèìèð"]
[Result "1/2-1/2"]
[WhiteElo "2650"]
[BlackElo "2597"]
[Annotator ""]
[Source ""]
[Remark ""]

1.Nf3 d5 2.d4 Nf6 3.c4 c6 4.cxd5 cxd5 5.Nc3 Nc6 6.Bf4 Nh5 7.Be5
e6 8.e3 Be7 9.Bd3 O-O 10.O-O Bd7 11.Rc1 f6 12.Bg3 Nxg3 13.hxg3
Be8 14.e4 Bf7 15.exd5 exd5 16.Re1 g6 17.a3 Rc8 18.Na4 Bd6 19.Nc5
Nxd4 20.Nxb7 Qb6 21.Nxd6 Nxf3+ 22.Qxf3 Qxd6 23.Rxc8 Rxc8 24.Qg4
Rc7 25.Qd4 Kg7 26.Kf1 Qd7 27.Re2 Rc1+ 28.Re1 Rc7 29.Rd1 Be6 30.Kg1
Qc6 31.Be2 Bf7 32.Bd3 Be6 33.Re1 Bf7 34.Kh2 Qd7 35.Re2 Rc1 36.Rd2
Qc7 37.Be2 h5 38.Rd1 Rxd1 39.Bxd1 Qe5 40.Qxa7 Qxb2 41.Bf3 1/2-1/2

[Event "IX Êóáîê Ãóáåðíàòîðà ÕÌÀÎ-Þãðû òóðíèð À"]
[Site "Õàíòû-Ìàíñèéñê, Russia"]
[Date "2013.12.04"]
[Round "7"]
[White "Êîêàðåâ Äìèòðèé"]
[Black "Õèñìàòóëëèí Äåíèñ"]
[Result "1/2-1/2"]
[WhiteElo "2631"]
[BlackElo "2674"]
[Annotator ""]
[Source ""]
[Remark ""]

1.e4 c5 2.Nf3 d6 3.d4 cxd4 4.Nxd4 Nf6 5.Nc3 a6 6.Be3 Ng4 7.Bg5
h6 8.Bh4 g5 9.Bg3 Bg7 10.h3 Ne5 11.Nf5 Bxf5 12.exf5 Nbd7 13.Nd5
Nb6 14.c3 Rc8 15.Be2 Rc5 16.Nxb6 Qxb6 17.Qb3 Nd7 18.Qc2 Be5 19.Bxe5
Rxe5 20.O-O O-O 21.Rae1 Rc8 22.Bf3 Rcc5 23.h4 Rxe1 24.Rxe1 Re5
25.Rxe5 Nxe5 26.hxg5 Nxf3+ 27.gxf3 hxg5 28.Qd2 Kf8 29.b4 Qc6
30.Qd4 Ke8 31.Kg2 b5 32.Kg3 f6 33.Kg4 Kd7 34.Qa7+ Ke8 35.Qd4
d5 36.f4 gxf4 37.f3 Kd7 38.Qa7+ Kd8 39.Qb8+ Kd7 40.Qa7+ Ke8 41.Qd4
Qc7 42.Qxd5 Qxc3 43.Qa8+ Kf7 44.Qxa6 Qxb4 45.Qe6+ Kf8 46.Qb3
Qc5 47.Kxf4 1/2-1/2

[Event "IX Êóáîê Ãóáåðíàòîðà ÕÌÀÎ-Þãðû òóðíèð À"]
[Site "Õàíòû-Ìàíñèéñê, Russia"]
[Date "2013.12.04"]
[Round "7"]
[White "Ïîíêðàòîâ Ïàâåë"]
[Black "Ìàòëàêîâ Ìàêñèì"]
[Result "1/2-1/2"]
[WhiteElo "2603"]
[BlackElo "2700"]
[Annotator ""]
[Source ""]
[Remark ""]

1.e4 e5 2.Nf3 Nc6 3.Bc4 Bc5 4.c3 Nf6 5.d4 exd4 6.cxd4 Bb4+ 7.Bd2
Bxd2+ 8.Nbxd2 d5 9.exd5 Nxd5 10.O-O O-O 11.Rc1 Bg4 12.h3 Bh5
13.Re1 Nb6 14.Ba6 Nxd4 15.Bxb7 Rb8 16.Rc5 f5 17.Bc6 Qd6 18.Nb3
Nxc6 19.Qxd6 cxd6 20.Rxc6 Bxf3 21.gxf3 Rf6 22.Re7 Nd5 23.Rxa7
Nf4 24.Nd4 h5 25.Rc2 Re8 26.Kf1 Nxh3 27.Re2 Re5 28.Re7 Nf4 29.Re8+
Kh7 30.R2xe5 dxe5 31.Rxe5 Rd6 32.Nxf5 Rd2 33.Kg1 Rxb2 34.Ng3
g6 35.a4 Rb1+ 36.Kh2 Ra1 37.Ra5 Kh6 38.Ne4 Ra3 39.Ng5 Ra2 40.Ne4
Ra3 41.Ra7 Rxf3 42.Rh7+ Kxh7 43.Ng5+ Kg7 44.Nxf3 Kf6 45.a5 Ne6
46.a6 Nc7 47.a7 Ke6 48.Kg3 Kd5 49.Nh4 Kc6 50.Nxg6 Kb7 51.f4 Ne8
52.Kh4 Ng7 53.Kg5 Ne6+ 54.Kxh5 Nxf4+ 55.Nxf4 1/2-1/2

[Event "IX Êóáîê Ãóáåðíàòîðà ÕÌÀÎ-Þãðû òóðíèð À"]
[Site "Õàíòû-Ìàíñèéñê, Russia"]
[Date "2013.12.04"]
[Round "7"]
[White "Ëûñûé Èãîðü"]
[Black "Ôðîëüÿíîâ Äìèòðèé"]
[Result "1/2-1/2"]
[WhiteElo "2666"]
[BlackElo "2561"]
[Annotator ""]
[Source ""]
[Remark ""]

1.d4 d5 2.Nf3 Nf6 3.c4 e6 4.Nc3 dxc4 5.e4 Bb4 6.Bxc4 Nxe4 7.O-O
Nxc3 8.bxc3 Be7 9.Ne5 O-O 10.Qg4 Nc6 11.Re1 f5 12.Qf3 Nxe5 13.Rxe5
Kh8 14.Re2 Bd6 15.Bf4 Bxf4 16.Qxf4 Qd6 17.Re5 Bd7 18.Rae1 Rf6
19.Qe3 Raf8 20.f3 b6 21.Bxe6 Bxe6 22.Rxe6 Rxe6 23.Qxe6 Qxe6 24.Rxe6
Kg8 25.Kf2 Kf7 26.Rc6 Rc8 27.h4 Ke7 28.h5 Kd7 29.d5 Rf8 30.h6
g6 31.f4 Re8 32.Rf6 Ke7 33.Rc6 Kd7 34.g3 Re7 35.Rf6 Ke8 36.a4
Rd7 37.c4 Rd6 38.Rxd6 cxd6 39.Kg2 Ke7 40.Kf3 Kf6 41.g4 fxg4+
42.Kxg4 a6 43.Kf3 Kf5 44.Ke3 g5 45.fxg5 Kxg5 46.Kd4 a5 47.Ke4
Kg4 48.Ke3 Kg5 49.Ke4 Kg4 1/2-1/2

[Event "IX Êóáîê Ãóáåðíàòîðà ÕÌÀÎ-Þãðû òóðíèð À"]
[Site "Õàíòû-Ìàíñèéñê, Russia"]
[Date "2013.12.04"]
[Round "7"]
[White "Êàáàíîâ Íèêîëàé"]
[Black "Õàéðóëëèí Èëüäàð"]
[Result "1/2-1/2"]
[WhiteElo "2477"]
[BlackElo "2653"]
[Annotator ""]
[Source ""]
[Remark ""]

1.e4 c5 2.Nf3 e6 3.c4 Nc6 4.Be2 Nf6 5.Nc3 Qb6 6.O-O Be7 7.d3
d6 8.a3 a5 9.Bf4 O-O 10.Nb5 e5 11.Bg5 Ne8 12.Bd2 Nc7 13.Nc3 Nd4
14.Nxd4 cxd4 15.Na4 Qc6 16.b3 Bd7 17.f4 exf4 18.Bxf4 Bf6 19.Bg4
Ne6 20.Bxe6 fxe6 21.Qe1 e5 22.Bd2 Qc7 23.Nb2 Be6 24.Nd1 b6 25.Nf2
Qe7 26.Nh1 h5 27.Ng3 g6 28.h3 Bh4 29.Kh2 Rxf1 30.Qxf1 Rf8 31.Qe2
Qf6 32.Nh1 Bg5 33.Bxg5 Qxg5 34.Rf1 Rxf1 35.Qxf1 Kg7 36.Qe1 h4
37.Qf2 Bd7 38.a4 Qf4+ 39.g3 Qe3 40.Qf1 Qd2+ 41.Nf2 hxg3+ 1/2-1/2

[Event "IX Êóáîê Ãóáåðíàòîðà ÕÌÀÎ-Þãðû òóðíèð À"]
[Site "Õàíòû-Ìàíñèéñê, Russia"]
[Date "2013.12.04"]
[Round "7"]
[White "Ñìèðíîâ Ïàâåë"]
[Black "Áî÷àðîâ Äìèòðèé"]
[Result "0-1"]
[WhiteElo "2641"]
[BlackElo "2602"]
[Annotator ""]
[Source ""]
[Remark ""]

1.e4 c5 2.Nf3 e6 3.d4 cxd4 4.Nxd4 a6 5.Be2 Nf6 6.Nc3 Qc7 7.O-O
d6 8.f4 Nbd7 9.Bf3 g6 10.Be3 e5 11.Nde2 b5 12.a3 Be7 13.Qd2 Bb7
14.Rad1 O-O 15.f5 Nb6 16.Bg5 Rad8 17.Qe1 Kg7 18.Kh1 h6 19.Be3
g5 20.Ng3 Kh7 21.Rd3 g4 22.Bd1 Rg8 23.b3 Nbd7 24.Nd5 Bxd5 25.exd5
Rc8 26.Ne2 Ne4 27.Ng3 Bh4 28.Bxh6 Ndf6 29.Bc1 Qe7 30.Kg1 Rg7
31.Qe2 Bxg3 32.hxg3 Rh8 33.Re3 Qa7 34.Rf2 Nxf2 35.Kxf2 Kg8 36.Qd3
Rh1 37.Bb2 Rgh7 38.c4 bxc4 39.bxc4 R7h2 40.Ba4 Qb6 41.Bb3 a5
42.a4 Kg7 43.Ba3 Ra1 44.Bb2 Rhh1 45.Bxa1 Rxa1 46.Ke2 Qc5 47.Bc2
Rg1 48.Kf2 Rc1 49.Bb3 Rc3 50.Qxc3 Ne4+ 51.Ke2 Nxc3+ 52.Rxc3 Kf6
53.Bc2 Qd4 0-1

[Event "IX Êóáîê Ãóáåðíàòîðà ÕÌÀÎ-Þãðû òóðíèð À"]
[Site "Õàíòû-Ìàíñèéñê, Russia"]
[Date "2013.12.04"]
[Round "7"]
[White "Àëåêñàíäðîâ Àëåêñåé"]
[Black "Äæóìàáàåâ Ðèíàò"]
[Result "1/2-1/2"]
[WhiteElo "2586"]
[BlackElo "2561"]
[Annotator ""]
[Source ""]
[Remark ""]

1.d4 Nf6 2.c4 g6 3.Nc3 d5 4.cxd5 Nxd5 5.Bd2 Nb6 6.e3 Bg7 7.f4
O-O 8.Nf3 Bf5 9.Rc1 N8d7 10.e4 Bg4 11.Be3 e6 12.Be2 Bxf3 13.Bxf3
c5 14.dxc5 Nc4 15.Qe2 Nxe3 16.Qxe3 Rc8 17.c6 Rxc6 18.e5 Qb6 19.Qxb6
Rxb6 20.b3 Rb4 21.Ne4 g5 22.Rc7 Nb6 23.fxg5 Nd5 24.Rd7 Bxe5 25.O-O
a5 26.Kh1 b6 27.Nf2 Rd4 28.Ng4 Bg7 29.Rc1 Rd2 30.h3 Rxa2 31.Nh6+
Bxh6 32.gxh6 Ne3 33.Be4 a4 34.Re1 Nf5 35.Bxf5 exf5 36.bxa4 Rxa4
37.Rb1 Rh4 38.Rxb6 f4 39.Kh2 Rh5 40.Rf6 Rg5 41.Rd4 Re8 42.Rdxf4
Re2 43.Rg4 Rxg4 44.hxg4 Re6 45.g5 Re5 46.Rb6 Kf8 47.Rb8+ Ke7
48.Rg8 f6 49.Rg7+ Kf8 50.Rxh7 Rxg5 51.Rh8+ Rg8 52.Rh7 Rg5 53.Rh8+
Rg8 1/2-1/2

[Event "IX Êóáîê Ãóáåðíàòîðà ÕÌÀÎ-Þãðû òóðíèð À"]
[Site "Õàíòû-Ìàíñèéñê, Russia"]
[Date "2013.12.04"]
[Round "7"]
[White "Ãîãàíîâ Àëåêñåé"]
[Black "Þäèí Ñåðãåé"]
[Result "0-1"]
[WhiteElo "2581"]
[BlackElo "2548"]
[Annotator ""]
[Source ""]
[Remark ""]

1.d4 d5 2.c4 e6 3.Nf3 c6 4.Nbd2 Nf6 5.g3 Nbd7 6.Bg2 Bd6 7.O-O
O-O 8.Qc2 Re8 9.b3 e5 10.cxd5 cxd5 11.dxe5 Nxe5 12.Bb2 Nc6 13.Rfe1
Bg4 14.Rad1 Qe7 15.Qb1 Ne4 16.Nxe4 dxe4 17.Nd4 Bb4 18.Rf1 Rac8
19.h3 Bd7 20.e3 f5 21.Ne2 Bd6 22.Nc3 Ne5 23.Nd5 Qf8 24.a4 Nd3
25.Rxd3 exd3 26.Qxd3 Bc6 27.Rd1 Rcd8 28.Qc2 Qf7 29.e4 fxe4 30.Ne3
Bf8 31.Bf1 Kh8 32.Rxd8 Rxd8 33.h4 Qd7 34.Bc3 b6 35.h5 h6 36.b4
Bxa4 37.Qxe4 Re8 38.Qf4 Qc6 39.Bb2 Bb3 40.Bd3 a6 41.b5 axb5 42.Qf5
Bg8 43.Bxb5 Qe6 44.Bxe8 Qxe8 45.Ng4 Bh7 46.Qf4 Kg8 47.Ne5 Qe6
48.Qd4 Bb1 49.Nd7 Qe1+ 50.Kh2 Be4 51.Qc4+ Kh8 0-1

[Event "IX Êóáîê Ãóáåðíàòîðà ÕÌÀÎ-Þãðû òóðíèð À"]
[Site "Õàíòû-Ìàíñèéñê, Russia"]
[Date "2013.12.04"]
[Round "7"]
[White "Áóêàâøèí Èâàí"]
[Black "Áåçãîäîâ Àëåêñåé"]
[Result "1-0"]
[WhiteElo "2578"]
[BlackElo "2482"]
[Annotator ""]
[Source ""]
[Remark ""]

1.d4 d5 2.c4 dxc4 3.e3 e5 4.Bxc4 exd4 5.exd4 Nf6 6.Nf3 Bd6 7.O-O
O-O 8.Bg5 h6 9.Bh4 Bg4 10.h3 Bxf3 11.Qxf3 Nc6 12.Bxf6 Qxf6 13.Qxf6
gxf6 14.Rd1 Bb4 15.Nc3 Bxc3 16.bxc3 Na5 17.Bf1 Rfd8 18.Rab1 b6
19.Rd3 Nb7 20.Rf3 Kg7 21.Bb5 Na5 22.Bd3 c6 23.Rg3+ Kh8 24.Re1
Re8 25.Rge3 Rxe3 26.Rxe3 Kg7 27.Re7 Kf8 28.Rc7 Re8 29.Rxa7 Re1+
30.Kh2 Kg7 31.Bf5 Nc4 32.Rc7 Na5 33.Bg4 Kg6 34.Bf3 1-0

[Event "IX Êóáîê Ãóáåðíàòîðà ÕÌÀÎ-Þãðû òóðíèð À"]
[Site "Õàíòû-Ìàíñèéñê, Russia"]
[Date "2013.12.04"]
[Round "7"]
[White "Èñêóñíûõ Ñåðãåé"]
[Black "Øàðèÿçäàíîâ Àíäðåé"]
[Result "0-1"]
[WhiteElo "2471"]
[BlackElo "2572"]
[Annotator ""]
[Source ""]
[Remark ""]

1.d4 Nf6 2.c4 c5 3.d5 g6 4.Nc3 Bg7 5.Nf3 O-O 6.g3 d6 7.Bg2 e6
8.O-O exd5 9.cxd5 Re8 10.Bf4 Na6 11.Re1 Bg4 12.h3 Bf5 13.Nh2
Ne4 14.Rc1 g5 15.Bd2 Nxd2 16.Qxd2 Bg6 17.e4 h6 18.Ng4 Rb8 19.Nb5
Qd7 20.a4 Nb4 21.e5 dxe5 22.Rxc5 Nd3 23.Rc7 Qd8 24.Re4 a6 25.Qxd3
axb5 26.d6 bxa4 27.Qd5 Re6 28.Rec4 Rxd6 29.Qc5 b5 30.Rc1 Rd1+
31.Rxd1 Qxd1+ 32.Kh2 Qd4 33.Qc6 e4 34.Ne3 Qf6 35.Qd7 Qxf2 36.Nd5
Be5 37.Ne7+ Kg7 0-1

[Event "IX Êóáîê Ãóáåðíàòîðà ÕÌÀÎ-Þãðû òóðíèð À"]
[Site "Õàíòû-Ìàíñèéñê, Russia"]
[Date "2013.12.04"]
[Round "7"]
[White "Øîìîåâ Àíòîí"]
[Black "Ãîðÿ÷êèíà Àëåêñàíäðà"]
[Result "1/2-1/2"]
[WhiteElo "2560"]
[BlackElo "2438"]
[Annotator ""]
[Source ""]
[Remark ""]

1.c4 c6 2.Nf3 d5 3.g3 Bg4 4.Qb3 Bxf3 5.Qxf3 dxc4 6.Na3 Nf6 7.Bg2
e6 8.Nxc4 Qd5 9.b3 Qxf3 10.Bxf3 Nbd7 11.Bb2 Be7 12.e3 O-O 13.Ke2
Nd5 14.Rhc1 Rfe8 15.Rab1 Bf8 16.a3 a5 17.d3 g6 18.Rc2 Red8 19.Rbc1
Nc5 20.Nd2 Nxd3 21.Kxd3 Nf4+ 22.Ke4 Nd3 23.Be2 Nxb2 24.Rxb2 Bxa3
25.Rcc2 Bxb2 26.Rxb2 b5 27.Nf3 a4 28.Nd4 a3 29.Ra2 Rd6 30.f4
b4 31.Bc4 Rad8 32.g4 c5 33.Nf3 Rd1 34.g5 Kf8 35.h4 Kg7 36.Be2
Rb1 37.Nd2 Rxd2 38.Rxd2 Rxb3 39.h5 gxh5 40.Bxh5 Rc3 41.Rd7 a2
42.Rxf7+ Kg8 43.Re7 a1Q 44.Re8+ 1/2-1/2

[Event "IX Êóáîê Ãóáåðíàòîðà ÕÌÀÎ-Þãðû òóðíèð À"]
[Site "Õàíòû-Ìàíñèéñê, Russia"]
[Date "2013.12.04"]
[Round "7"]
[White "Ïîòàïîâ Ïàâåë"]
[Black "Ìàòèíÿí Íèêèòà"]
[Result "0-1"]
[WhiteElo "2468"]
[BlackElo "2481"]
[Annotator ""]
[Source ""]
[Remark ""]

1.e4 c5 2.c3 d5 3.exd5 Qxd5 4.d4 Nc6 5.Nf3 Nf6 6.Be3 cxd4 7.cxd4
e6 8.Nc3 Qd8 9.Bd3 Be7 10.O-O O-O 11.a3 b6 12.Re1 Bb7 13.Bc2
Qc7 14.Qd3 Rfd8 15.Rac1 Rac8 16.Bg5 g6 17.h3 Nd5 18.Nxd5 Rxd5
19.Bxe7 Qxe7 20.Bb3 Rd6 21.Qe3 Qf6 22.Ne5 Nxd4 23.Rxc8+ Bxc8
24.Ng4 Qd8 25.Ba4 h5 26.Ne5 b5 27.Bd1 Bb7 28.Be2 Qf6 29.Bd3 a6
30.Qg3 Nf5 31.Qf4 Rd4 32.Qc1 Nh4 33.f3 Qd8 34.Qe3 Kg7 35.Bf1
Qd6 36.b4 f6 37.Nd3 Qg3 0-1

[Event "IX Êóáîê Ãóáåðíàòîðà ÕÌÀÎ-Þãðû òóðíèð À"]
[Site "Õàíòû-Ìàíñèéñê, Russia"]
[Date "2013.12.04"]
[Round "7"]
[White "Ñòóêîïèí Àíäðåé"]
[Black "Ãîðäèåâñêèé Äìèòðèé"]
[Result "1/2-1/2"]
[WhiteElo "2509"]
[BlackElo "2448"]
[Annotator ""]
[Source ""]
[Remark ""]

1.e4 c5 2.Nf3 d6 3.d4 cxd4 4.Nxd4 Nf6 5.Nc3 a6 6.Be3 e5 7.Nb3
Be6 8.h3 Nbd7 9.g4 h6 10.Qd2 Rc8 11.O-O-O b5 12.f4 Qc7 13.Kb1
Nb6 14.g5 hxg5 15.fxg5 Nh5 16.Qf2 Nc4 17.Bxc4 bxc4 18.Nc1 g6
19.N1e2 Rb8 20.Nd5 Qb7 21.Bc1 Bxd5 22.Rxd5 Be7 23.h4 f5 24.Rhd1
f4 25.b3 a5 26.Ba3 a4 27.b4 Qb6 28.Qf3 Qe3 29.Rf1 Qxf3 30.Rxf3
Ng7 31.b5 Ne6 32.Bxd6 Bxd6 33.Rxd6 Rxb5+ 34.Kc1 Ke7 35.Ra6 Rxh4
36.Ra7+ Ke8 37.Rf1 Nd4 38.Nxd4 exd4 39.Rxa4 c3 40.Rxd4 Rxg5 41.Kd1
Rh2 42.Rc4 Ra5 43.a4 g5 44.Rf3 Ke7 45.Rfxc3 g4 46.Ke1 Ke6 47.Rc6+
Ke5 48.R3c4 Rh1+ 49.Ke2 f3+ 50.Kf2 Rh2+ 51.Ke3 Re2+ 52.Kd3 Kf4
53.e5+ Kg3 54.Rg6 Kf2 55.Rcxg4 Re3+ 56.Kd2 Rd5+ 57.Kc1 Rdxe5
58.Rf6 R5e4 59.Rxe4 Rxe4 60.a5 Ke2 61.Kb2 f2 62.a6 Rb4+ 63.Kc3
Rb6 64.Rxf2+ Kxf2 65.a7 Ra6 66.Kd4 Rxa7 67.c4 Rd7+ 68.Ke5 Rc7
69.Kd5 Ke3 70.c5 1/2-1/2

[Event "IX Êóáîê Ãóáåðíàòîðà ÕÌÀÎ-Þãðû òóðíèð À"]
[Site "Õàíòû-Ìàíñèéñê, Russia"]
[Date "2013.12.04"]
[Round "7"]
[White "Êàíòåð Ýäóàðä"]
[Black "Îïàðèí Ãðèãîðèé"]
[Result "0-1"]
[WhiteElo "2407"]
[BlackElo "2520"]
[Annotator ""]
[Source ""]
[Remark ""]

1.d4 d5 2.c4 e6 3.Nf3 Nf6 4.g3 Bb4+ 5.Bd2 Be7 6.Bg2 O-O 7.O-O
c6 8.Bf4 b6 9.Nc3 Nbd7 10.Ne5 Nxe5 11.dxe5 Nh5 12.Be3 g6 13.Qa4
Bd7 14.Qb3 Ng7 15.g4 b5 16.cxb5 cxb5 17.a3 Rc8 18.Bd4 f5 19.exf6
Bxf6 20.Rad1 Rc4 21.Bxf6 Qxf6 22.e4 h5 23.h3 hxg4 24.hxg4 Qg5
25.Rd3 d4 26.Ne2 e5 27.f3 Be6 28.Qxb5 Rc2 29.Nxd4 Bc4 30.Qc5
Bxd3 31.Nxc2 Bxf1 32.Kxf1 Qc1+ 33.Kf2 Rd8 34.Qc4+ Kh7 35.Ne3
Rd2+ 0-1

[Event "IX Êóáîê Ãóáåðíàòîðà ÕÌÀÎ-Þãðû òóðíèð À"]
[Site "Õàíòû-Ìàíñèéñê, Russia"]
[Date "2013.12.04"]
[Round "7"]
[White "Ñàäóàêàñîâà Äèíàðà"]
[Black "Ñìèðíîâ Àëåêñåé"]
[Result "0-1"]
[WhiteElo "2357"]
[BlackElo "2429"]
[Annotator ""]
[Source ""]
[Remark ""]

1.d4 Nf6 2.c4 e6 3.Nc3 Bb4 4.Qc2 O-O 5.e4 d5 6.e5 Ne4 7.Bd3 c5
8.Nf3 cxd4 9.Nxd4 Nd7 10.Bxe4 dxe4 11.Qxe4 Qa5 12.O-O Qxe5 13.Qh4
Nf6 14.Ndb5 Bd7 15.Bf4 Qf5 16.Bd6 Bxd6 17.Nxd6 Qc2 18.Rab1 Bc6
19.Qg3 Rfd8 20.Rfd1 h6 21.b4 Rxd6 22.Qxd6 Qxc3 23.b5 Be4 24.Rbc1
Qa5 25.f3 Bf5 26.g4 Bg6 27.h4 h5 28.g5 Ne8 29.Qe7 Qb6+ 30.Kg2
Rc8 31.Rd2 Kh7 32.Qd7 Qe3 33.Qd4 Qa3 34.Rc3 Qa5 35.Rc1 Rc5 36.Rcd1
Qb4 37.Rc1 Nc7 38.Rb2 Qa3 39.Qd2 e5 40.Rb3 Qa4 41.Qb4 Qxb4 42.Rxb4
Bf5 43.Rd1 Ne6 44.Rd6 Nf4+ 45.Kh2 Be6 46.Rd2 b6 47.Rc2 Kg6 48.Ra4
Rc7 49.Rc3 f6 50.gxf6 gxf6 51.Rca3 Rd7 52.Rxa7 Rd2+ 53.Kh1 Bxc4
54.Rb7 Ne2 55.Rxb6 Ng3+ 56.Kg1 Bf1 0-1

[Event "IX Êóáîê Ãóáåðíàòîðà ÕÌÀÎ-Þãðû òóðíèð À"]
[Site "Õàíòû-Ìàíñèéñê, Russia"]
[Date "2013.12.04"]
[Round "7"]
[White "Øàðàôèåâ Àçàò"]
[Black "Þôôà Äàíèèë"]
[Result "0-1"]
[WhiteElo "2403"]
[BlackElo "2368"]
[Annotator ""]
[Source ""]
[Remark ""]

1.d4 Nf6 2.c4 g6 3.Nf3 Bg7 4.g3 O-O 5.Bg2 d6 6.O-O Nc6 7.Nc3
Bf5 8.d5 Na5 9.Nd4 Bd7 10.b3 Rb8 11.Bb2 c5 12.dxc6 bxc6 13.Qd2
c5 14.Nf3 Qb6 15.Ba3 Bf5 16.Nh4 Be6 17.Rab1 h6 18.f4 Ng4 19.f5
gxf5 20.Nxf5 Bxf5 21.Rxf5 Ne3 22.Rf4 Naxc4 23.bxc4 Bxc3 24.Qxc3
Qxb1+ 25.Bc1 e5 26.Be4 Qb4 27.Qxe3 exf4 28.Qf3 Rfe8 29.Qg4+ Kh8
30.Bd3 Qe1+ 31.Kg2 Qxc1 32.Qf5 f3+ 0-1

[Event "IX Êóáîê Ãóáåðíàòîðà ÕÌÀÎ-Þãðû òóðíèð À"]
[Site "Õàíòû-Ìàíñèéñê, Russia"]
[Date "2013.12.04"]
[Round "7"]
[White "Ñàðàíà Àëåêñåé"]
[Black "Ñàâ÷åíêî Áîðèñ"]
[Result "1-0"]
[WhiteElo "2261"]
[BlackElo "2602"]
[Annotator ""]
[Source ""]
[Remark ""]

1.e4 e6 2.d4 d5 3.Nc3 Bb4 4.e5 Ne7 5.a3 Bxc3+ 6.bxc3 c5 7.Qg4
O-O 8.Bd3 Nbc6 9.Bg5 Qa5 10.Ne2 Ng6 11.O-O Qa4 12.f4 c4 13.Bxg6
fxg6 14.Ra2 Rb8 15.h4 b5 16.h5 gxh5 17.Qxh5 Rb7 18.Qg4 Qa5 19.Raa1
Qb6 20.Rf3 a5 21.Kh2 b4 22.axb4 axb4 23.Ra8 Qc7 24.cxb4 Nxb4
25.c3 Nd3 26.Ng3 Qf7 27.f5 h5 28.Qh3 Rb2 29.Nxh5 Qb7 30.Nf6+
gxf6 31.Bxf6 1-0